| 000 | 01414nam0a2200313 4500 | ||
|---|---|---|---|
| 001 | RU\NLR\BIBL_A\011989502 | ||
| 005 | 20190522133319.0 | ||
| 010 |
_a978-5-8493-0435-9 _95000 |
||
| 021 |
_aRU _bКН-П-19-021189 _9КН-П-19-1589 |
||
| 035 | _a(NLR Aleph) 011989502 | ||
| 090 |
_a11350506 _c11350506 |
||
| 100 | _a20190415d2019 u y0rusy50 ca | ||
| 101 | 1 |
_arus _cund |
|
| 102 | _aRU | ||
| 105 | _aac z 000zy | ||
| 200 | 1 |
_aВозрождённое будущее _fТеруо Хига _g[перевод В. М. Хайкова и И.В. Югова] |
|
| 210 |
_aВладивосток _cПриморский ЭМ-Центр _d2019 |
||
| 215 |
_a280 с. _cил., портр., табл. _d22 |
||
| 300 | _aНа 4-й с. обл. авт.: Теруо Хига, доктор наук. проф. | ||
| 320 | _aДр. произведения авт. на 4-й с. обл. | ||
| 606 | 1 |
_a"Эффективные микроорганизмы", биотехнология _92319121 _3RU\NLR\AUTH\661387508 |
|
| 606 | 1 |
_a"Эффективные микроорганизмы", биотехнология _xПрименение в сельском хозяйстве _92319120 _3RU\NLR\AUTH\661387507 |
|
| 686 | 1 | _aЕ.в76 | |
| 686 | 1 | _aП058с | |
| 700 | 1 |
_aХига _bТ. _f1941- _gТеруо |
|
| 942 | _cBOOK | ||
| 980 | _aNB | ||